মিডিয়া মানচিত্র / (Record no. 76230)
[ view plain ]
| 000 -LEADER | |
|---|---|
| fixed length control field | 00934nam a2200241 a 4500 |
| 001 - CONTROL NUMBER | |
| control field | 76230 |
| 003 - CONTROL NUMBER IDENTIFIER | |
| rucl marc code | BD-RjUL |
| 005 - DATE AND TIME OF LATEST TRANSACTION | |
| control field | 20211209082819.0 |
| 008 - FIXED-LENGTH DATA ELEMENTS--GENERAL INFORMATION | |
| fixed length control field | 161205s2012 bg ||||| b||| 00| 0 ben d |
| 020 ## - INTERNATIONAL STANDARD BOOK NUMBER | |
| International Standard Book Number | 8119300115009 |
| 035 ## - SYSTEM CONTROL NUMBER | |
| System control number | (BD-RjUL)76451 |
| 040 ## - CATALOGING SOURCE | |
| Original cataloging agency | BD-RjUL |
| Language of cataloging | ben |
| Transcribing agency | BD-RjUL |
| Modifying agency | BD-RjUL |
| 041 ## - LANGUAGE CODE | |
| Language code of text/sound track or separate title | ben |
| 082 ## - DEWEY DECIMAL CLASSIFICATION NUMBER | |
| Edition number | 23 |
| Classification number | 302.23095492 |
| Author mark and year | JAM 2012 |
| 100 ## - MAIN ENTRY--PERSONAL NAME | |
| Personal name | জাহাঙ্গীর, মুহাম্মদ |
| 9 (RLIN) | 234867 |
| 245 10 - TITLE STATEMENT | |
| Title | মিডিয়া মানচিত্র / |
| Statement of responsibility, etc. | মুহাম্মদ জাহাঙ্গীর |
| 260 ## - PUBLICATION, DISTRIBUTION, ETC. (IMPRINT) | |
| Place of publication, distribution, etc. | ঢাকা : |
| Name of publisher, distributor, etc. | মাওলা ব্রাদার্স, |
| Date of publication, distribution, etc. | ১৯৯১ [মুদ্রণ ২০১৮] |
| 300 ## - PHYSICAL DESCRIPTION | |
| Pagination | ২১০ পৃ. ; |
| Size | ২২ সেমি. |
| 504 ## - BIBLIOGRAPHY, ETC. NOTE | |
| Bibliography, etc | বিবলিওগ্রাফি অন্তর্ভূক্ত। |
| 650 ## - SUBJECT ADDED ENTRY--TOPICAL TERM | |
| Topical term or geographic name as entry element | Mass media. |
| Geographic subdivision | Bangladesh. |
| 9 (RLIN) | 234868 |
| Topical term or geographic name as entry element | Press |
| Geographic subdivision | Bangladesh. |
| 9 (RLIN) | 234869 |
| 942 ## - ADDED ENTRY ELEMENTS (KOHA) | |
| Source of classification or shelving scheme | Dewey Decimal Classification |
| Koha item type | Books |
| Lost status | Source of classification or shelving scheme | Damaged status | Not for loan | Permanent Location | Current Location | Shelving location | Date acquired | Source of acquisition | Cost, normal purchase price | Total Checkouts | Full call number | Date last seen | Copy number | Koha item type |
|---|---|---|---|---|---|---|---|---|---|---|---|---|---|---|
| Dewey Decimal Classification | Not For Loan | Central Library, University of Rajshahi | Central Library, University of Rajshahi | Reading Room | 12/11/2019 | Vidyasagar, Rajshahi | 250.00 | B 302.23095492 JAM 2012 | 14/11/2019 | C-1 | Books | |||
| Dewey Decimal Classification | Central Library, University of Rajshahi | Central Library, University of Rajshahi | 12/11/2019 | Vidyasagar, Rajshahi | 250.00 | B 302.23095492 JAM 2012 | 14/11/2019 | C-2 | Books |